Statistics for Countries with the Most Freedom

Click here to take the quiz!

General Stats

  • This quiz has been taken 64 times
  • The average score is 21 of 27

Answer Stats

Freedom ScoreCountry% Correct
98Australia
98%
100Finland
98%
100Norway
98%
100Sweden
98%
94United Kingdom
98%
94Germany
96%
98New Zealand
96%
99Canada
93%
94Spain
93%
96Switzerland
93%
97Denmark
89%
95Iceland
89%
94Austria
87%
98Luxembourg
87%
97Portugal
87%
96Ireland
85%
96Japan
85%
99Netherlands
83%
95Belgium
80%
94Estonia
72%
96Andorra
67%
97San Marino
65%
94Chile
59%
94Cyprus
48%
98Uruguay
46%
96Barbados
24%
94Tuvalu
13%

Score Distribution

Percentile by Number Answered

Percent of People with Each Score

Your Score History

You have not taken this quiz